000 00366 a2200145 4500
999 _c12033
_d12033
003 OSt
005 20240117163002.0
008 240117b ||||| |||| 00| 0 eng d
020 _a9781864703672
082 _a728.50973
100 _aJanelle McCulloch
245 _aDream Hotels : Architectural Hideaways
260 _bImages Publishing Dist Ac
_c2011
942 _2ddc